| 000 | 01198nam0a22002411 4500 | ||
|---|---|---|---|
| 001 | rc\2233825 | ||
| 005 | 20260406194213.0 | ||
| 035 | _a(NLR Aleph) 006647299 | ||
| 090 |
_a4756941 _c4756941 |
||
| 100 | _a20110829d1978 |||y0rusy50 ca | ||
| 101 | 0 | _arus | |
| 102 | _aRU | ||
| 105 | _ay c ||||| | ||
| 200 | 1 |
_aУказатель действующих нормативно-технических документов на сырье, используемое в производстве синтетических лекарственных средств _fМ-во мед. пром-сти СССР, Фил. Всесоюз. н.-и. хим.-фармац. ин-та им. С. Орджоникидзе в пос. Купавна |
|
| 210 |
_aКупавна _cБ. и. _d1978 |
||
| 215 |
_a48 с. _d21 |
||
| 712 | 0 | 2 |
_aВсесоюзный научно-исследовательский химико-фармацевтический институт им. Орджоникидзе _bКупавинский филиал _3RU\NLR\AUTH\889957214 _9410539 |
| 801 | 0 |
_aRU _bNLR _gpsbo |
|
| 801 | 1 |
_aRU _bELAR _2rusmarc |
|
| 852 |
_aNLR _jПт 10.1/901 |
||
| 899 |
_aRuMoRGB _jM 78-6/59 |
||
| 942 | _cBOOK | ||
| 980 | _aNB | ||